[Event "Saint Louis Blitz 2025"]
[Site "Saint Louis USA"]
[Date "2025.08.14"]
[Round "8.5"]
[White "Oparin, Grigoriy"]
[Black "Aronian, Levon"]
[Result "0-1"]
[WhiteTitle "GM"]
[BlackTitle "GM"]
[WhiteElo "2660"]
[BlackElo "2737"]
[WhiteFideId "24125890"]
[BlackFideId "13300474"]
[EventDate "2025.08.14"]

1. e4 e6 2. d4 d5 3. Nc3 Nf6 4. Bg5 dxe4 5. Nxe4 Nbd7 6. Nf3 h6 7. Nxf6+ Nxf6 8.
Be3 Bd6 9. Bd3 b6 10. Qe2 Bb7 11. Ne5 O-O 12. f4 Nd5 13. Bd2 Qh4+ 14. g3 Qe7 15.
O-O-O c5 16. dxc5 bxc5 17. Rhe1 Rfd8 18. a3 Rab8 19. Nc4 Ba6 20. f5 Qb7 21. b3
exf5 22. Bxf5 Nf6 23. Bc3 Bf8 24. Bxf6 gxf6 25. Be4 Rxd1+ 26. Rxd1 Qe7 27. Qg4+
Bg7 28. Rd7 Qe6 29. Qxe6 fxe6 30. Rxa7 Bxc4 31. bxc4 f5 32. Bc6 Bb2+ 33. Kd2
Rd8+ 34. Ke2 Bc3 35. a4 Rd2+ 36. Ke3 Rxc2 37. Kd3 Rc1 38. a5 Bd4 39. a6 Ra1 40.
Bb5 e5 41. Re7 Ra2 42. Bc6 e4+ 43. Bxe4 fxe4+ 44. Rxe4 Ra3+ 45. Ke2 Rxa6 46. Kf3
Ra4 47. Re7 Rxc4 48. Rc7 Be5 49. Re7 Bf6 50. Rc7 Kf8 51. h3 Be7 52. Rc6 h5 53.
Rh6 h4 54. g4 Rc3+ 55. Kf4 Rxh3 56. g5 Rg3 57. g6 Bd6+ 58. Kf5 h3 59. Ke6 Bf4
60. Rh4 Rxg6+ 61. Kf5 Rh6 0-1

[Event "Saint Louis Blitz 2025"]
[Site "Saint Louis USA"]
[Date "2025.08.14"]
[Round "9.1"]
[White "Dominguez Perez, Leinier"]
[Black "Caruana, Fabiano"]
[Result "1/2-1/2"]
[WhiteTitle "GM"]
[BlackTitle "GM"]
[WhiteElo "2738"]
[BlackElo "2784"]
[WhiteFideId "3503240"]
[BlackFideId "2020009"]
[EventDate "2025.08.14"]

1. e4 c5 2. Nf3 d6 3. d4 cxd4 4. Nxd4 Nf6 5. Nc3 a6 6. Be2 e6 7. Be3 Qc7 8. Qd2
Nbd7 9. O-O-O b5 10. a3 Bb7 11. f3 h5 12. Ndxb5 axb5 13. Nxb5 Qc6 14. Nxd6+ Bxd6
15. Qxd6 Qxd6 16. Rxd6 Ke7 17. Rhd1 Rhc8 18. Bb5 Ne5 19. Rb6 Ra7 20. Rxe6+ Kxe6
21. Bxa7 g5 22. Bd4 g4 23. Ba4 Ba6 24. Bb3+ Bc4 25. Bxc4+ Nxc4 26. a4 h4 27. b3
Ne5 28. f4 Nc6 29. f5+ Ke7 30. Bf2 h3 31. gxh3 gxh3 32. Bh4 Ne5 33. a5 Nf3 34.
Bxf6+ Kxf6 35. Rd3 Ng5 36. b4 Ke5 37. a6 Nxe4 38. Rxh3 Nd6 39. Rb3 Nb5 40. Kb2
Kd5 41. h4 Kc4 42. h5 Rh8 43. Rh3 Rh6 44. f6 Kxb4 45. Rh4+ Ka5 46. c4 Nc7 47. a7
Kb6 48. Kc3 Kxa7 49. Kd4 Kb6 50. Ke5 Kc6 51. Kf5 Ne6 52. Rh1 Kd6 53. Rh2 Kc5 54.
Rh4 Kd6 55. Rh1 Kc6 56. Rh2 Kc5 57. Rh4 Kd6 58. Rh1 Kc6 59. Rh2 Kd7 60. Rd2+ Ke8
61. Rh2 Kf8 62. c5 Nxc5 63. Kg5 Rh8 64. Rc2 Ne6+ 65. Kg4 Kg8 66. Ra2 Kh7 67. Ra7
Rf8 68. Kf5 Kh6 69. Ke5 Kxh5 70. Kd6 Kg6 71. Ke7 Rc8 72. Ra1 Rc7+ 73. Ke8 Kxf6
74. Rf1+ Kg6 75. Rf6+ Kg7 76. Rxf7+ Rxf7 1/2-1/2

[Event "Saint Louis Blitz 2025"]
[Site "Saint Louis USA"]
[Date "2025.08.14"]
[Round "9.2"]
[White "Aronian, Levon"]
[Black "Shankland, Sam"]
[Result "1-0"]
[WhiteTitle "GM"]
[BlackTitle "GM"]
[WhiteElo "2737"]
[BlackElo "2670"]
[WhiteFideId "13300474"]
[BlackFideId "2004887"]
[EventDate "2025.08.14"]

1. e4 e5 2. Nf3 Nc6 3. Bb5 a6 4. Ba4 Nf6 5. O-O Be7 6. d3 d6 7. c3 O-O 8. Re1
Re8 9. h3 b5 10. Bc2 Bf8 11. Bg5 h6 12. Bh4 g5 13. Bg3 Bg7 14. Nbd2 Ne7 15. a4
Bd7 16. Nf1 Ng6 17. Ne3 Kh7 18. d4 Nf4 19. axb5 axb5 20. Rxa8 Qxa8 21. h4 Kg8
22. hxg5 Nxe4 23. gxh6 Bxh6 24. Bxe4 Qxe4 25. Ng4 Ne2+ 26. Rxe2 Qxg4 27. dxe5
Bf4 28. exd6 Rxe2 29. Qxe2 Bxg3 30. fxg3 cxd6 31. Kf2 Kf8 32. Nd4 Qg5 33. Qe3
Qe5 34. Qf4 Ke7 35. Qh4+ Kf8 36. Qd8+ Be8 37. Qh4 Bd7 38. Qh6+ Ke7 39. Qf4 Kf8
40. Nf3 Qc5+ 41. Qd4 Ke7 42. b4 Qf5 43. Qe3+ Be6 44. Qg5+ Qxg5 45. Nxg5 Bd5 46.
Nf3 Ke6 47. Nd4+ 1-0

[Event "Saint Louis Blitz 2025"]
[Site "Saint Louis USA"]
[Date "2025.08.14"]
[Round "9.3"]
[White "Gukesh, D"]
[Black "Oparin, Grigoriy"]
[Result "1/2-1/2"]
[WhiteTitle "GM"]
[BlackTitle "GM"]
[WhiteElo "2776"]
[BlackElo "2660"]
[WhiteFideId "46616543"]
[BlackFideId "24125890"]
[EventDate "2025.08.14"]

1. e4 c5 2. Nf3 Nc6 3. Bb5 e6 4. O-O Nge7 5. Re1 b6 6. c3 a6 7. Be2 d5 8. exd5
Nxd5 9. d4 Be7 10. dxc5 bxc5 11. c4 Nb6 12. Qxd8+ Bxd8 13. Be3 Be7 14. Nc3 Bb7
15. Rad1 Rc8 16. b3 Nb8 17. Nd2 f5 18. Bf3 Bxf3 19. Nxf3 N8d7 20. Bg5 Rc6 21.
Nd5 Bf6 22. Rd3 Kf7 23. Nxb6 Nxb6 24. Red1 Rhc8 25. Bxf6 gxf6 26. Nd2 R8c7 27.
Nb1 Ke7 28. Rh3 Ke8 29. Nc3 Rg7 30. Kf1 Nd7 31. f4 Nf8 32. Re3 Rd7 33. Rxd7 Kxd7
34. Na4 Ke7 35. Kf2 Ng6 36. g3 Nf8 37. Ke2 Nd7 38. Kd3 Rd6+ 39. Kc2 h5 40. Rd3
Rxd3 41. Kxd3 Kd6 42. a3 a5 43. Nc3 Nb8 44. Nb5+ Kd7 45. Na7 Nc6 46. Nxc6 Kxc6
47. Ke3 a4 48. bxa4 e5 49. fxe5 fxe5 50. Kf3 Kb6 51. h3 Ka5 52. g4 hxg4+ 53.
hxg4 e4+ 54. Kf4 fxg4 55. Kxg4 Kxa4 56. Kf4 Kxa3 57. Kxe4 Kb3 58. Kd3 Kb4 59.
Kd2 Kxc4 60. Kc2 Kd4 61. Kd2 c4 62. Kc2 c3 63. Kc1 Kd3 64. Kd1 c2+ 65. Kc1 Kc3 1/2-1/2

[Event "Saint Louis Blitz 2025"]
[Site "Saint Louis USA"]
[Date "2025.08.14"]
[Round "9.4"]
[White "So, Wesley"]
[Black "Vachier-Lagrave, Maxime"]
[Result "1/2-1/2"]
[WhiteTitle "GM"]
[BlackTitle "GM"]
[WhiteElo "2745"]
[BlackElo "2736"]
[WhiteFideId "5202213"]
[BlackFideId "623539"]
[EventDate "2025.08.14"]

1. c4 e5 2. g3 d5 3. cxd5 Qxd5 4. Nf3 Nc6 5. Bg2 Nf6 6. d3 Qd8 7. O-O Bd6 8. a3
O-O 9. Nbd2 a5 10. b3 Re8 11. Bb2 Bf5 12. Rc1 Qd7 13. Ng5 h6 14. Nge4 Nxe4 15.
Nxe4 Bh3 16. Rc4 Bxg2 17. Kxg2 f5 18. Nc5 Bxc5 19. Rxc5 b6 20. Rc4 Nd4 21. e3
Ne6 22. e4 Nc5 23. d4 Nxe4 24. f3 Ng5 25. dxe5 Qxd1 26. Rxd1 Rad8 27. Rxd8 Rxd8
28. Bc1 Ne6 29. b4 axb4 30. axb4 Kf7 31. Kf2 Rd4 32. Rxd4 Nxd4 33. Bb2 Ne6 34.
Ke3 Ke7 35. b5 Kd7 36. Kd3 c6 37. Kc4 Nc7 38. bxc6+ Kxc6 39. f4 g6 40. Ba3 b5+
41. Kb4 h5 42. h4 Nd5+ 43. Ka5 Nc3 44. Bb4 Ne4 45. Be1 Kc5 46. Bb4+ Kd5 47. Be1
Kc6 48. Kb4 Nc5 49. Ka5 Nb3+ 50. Kb4 Nd4 51. Ka5 Ne6 52. Bf2 Nc7 53. Kb4 Nd5+
54. Ka5 Nc7 55. Kb4 Nd5+ 56. Ka5 Nc7 57. Kb4 1/2-1/2

[Event "Saint Louis Blitz 2025"]
[Site "Saint Louis USA"]
[Date "2025.08.14"]
[Round "9.5"]
[White "Abdusattorov, Nodirbek"]
[Black "Le, Quang Liem"]
[Result "1/2-1/2"]
[WhiteTitle "GM"]
[BlackTitle "GM"]
[WhiteElo "2771"]
[BlackElo "2729"]
[WhiteFideId "14204118"]
[BlackFideId "12401137"]
[EventDate "2025.08.14"]

1. e4 e5 2. Nf3 Nc6 3. g3 Nf6 4. d3 Bc5 5. Bg2 d6 6. Nc3 a5 7. O-O O-O 8. h3 Nd4
9. Nxd4 Bxd4 10. Kh2 Nd7 11. Ne2 Bb6 12. f4 exf4 13. Nxf4 c6 14. c3 Nf6 15. Qf3
Qe7 16. Bd2 a4 17. Rae1 Be6 18. a3 Nd7 19. Be3 Ne5 20. Qf2 Bxe3 21. Qxe3 Bb3 22.
Ne2 f5 23. Nd4 fxe4 24. Bxe4 Rxf1 25. Rxf1 g6 26. Nxb3 axb3 27. c4 Re8 28. Qd4
Nd7 29. Re1 Qf6 30. Bd5+ Kf8 31. Rxe8+ Kxe8 32. Qxf6 Nxf6 33. Bf3 Nd7 34. d4 Nb6
35. Be2 Ke7 36. Kg2 Ke6 37. Kf3 d5 38. c5 Nc4 39. Bd1 Kf5 40. h4 h5 41. a4 g5
42. hxg5 Kxg5 43. Kf2 Nxb2 44. Bxb3 Kf5 45. Bc2+ Kg5 46. Kf3 Nc4 47. Bd3 Nb2 48.
Bc2 Nc4 49. Kf2 Nb2 50. Kf3 Nc4 51. Bd1 Nb2 52. Bb3 Kf5 53. Bc2+ Kg5 54. Bb3 Kf5
55. Bc2+ Kg5 56. Bb3 Kf5 57. Bc2+ Kg5 1/2-1/2

[Event "Saint Louis Blitz 2025"]
[Site "Saint Louis USA"]
[Date "2025.08.15"]
[Round "10.1"]
[White "Abdusattorov, Nodirbek"]
[Black "Vachier-Lagrave, Maxime"]
[Result "1-0"]
[WhiteTitle "GM"]
[BlackTitle "GM"]
[WhiteElo "2771"]
[BlackElo "2736"]
[WhiteFideId "14204118"]
[BlackFideId "623539"]
[EventDate "2025.08.14"]

1. d4 Nf6 2. Nf3 g6 3. Bf4 Bg7 4. c3 O-O 5. Nbd2 d6 6. e4 Nbd7 7. Be2 Qe8 8. h3
e5 9. dxe5 dxe5 10. Be3 b6 11. O-O Bb7 12. Qc2 Qe7 13. b4 Ne8 14. Nc4 Ndf6 15.
Nfd2 Nd6 16. Nxd6 cxd6 17. c4 Rac8 18. Qd3 Rfd8 19. a4 Qc7 20. a5 bxa5 21. Rxa5
a6 22. Rfa1 Rb8 23. Qb1 Nd7 24. c5 dxc5 25. bxc5 Bf8 26. Qc2 Rbc8 27. Bg4 h5 28.
Bxd7 Qxd7 29. Nc4 Qe6 30. Rb1 Rc7 31. Rb6 Qd7 32. Kh2 Rdc8 33. Qb1 Bc6 34. Raxa6
Qe6 35. Na5 Qd7 36. Nxc6 Rxc6 37. Rxc6 Rxc6 38. Qb5 Rc7 39. Qxd7 Rxd7 40. c6 Rc7
41. Bd2 Bd6 42. Ba5 Rc8 43. c7 Bxc7 44. Rc6 Bxa5 45. Rxc8+ Kg7 46. g3 Bb6 47.
Kg2 Bd4 48. Rc6 Kf8 49. f4 exf4 50. gxf4 Kg7 51. Kf3 Bb2 52. e5 f5 53. Rc7+ Kf8
54. e6 Bd4 55. Ke2 Ke8 56. Kd3 Bf6 57. Kc4 g5 58. Rf7 1-0

[Event "Saint Louis Blitz 2025"]
[Site "Saint Louis USA"]
[Date "2025.08.15"]
[Round "10.2"]
[White "Dominguez Perez, Leinier"]
[Black "Le, Quang Liem"]
[Result "1-0"]
[WhiteTitle "GM"]
[BlackTitle "GM"]
[WhiteElo "2738"]
[BlackElo "2729"]
[WhiteFideId "3503240"]
[BlackFideId "12401137"]
[EventDate "2025.08.14"]

1. e4 e5 2. Nf3 Nc6 3. Bc4 Bc5 4. c3 Nf6 5. d3 d6 6. a4 a5 7. Bg5 h6 8. Bh4 Qe7
9. O-O O-O 10. Nbd2 Be6 11. Re1 Bxc4 12. Nxc4 Qe6 13. d4 Qxc4 14. Bxf6 Bb6 15.
Nh4 Qe6 16. Bxg7 Kxg7 17. d5 Qf6 18. Nf5+ Kh7 19. dxc6 bxc6 20. Ra3 d5 21. Qc2
Rad8 22. c4 dxe4 23. Qxe4 Rd2 24. Rf3 Kh8 25. g3 Re8 26. b3 Qg6 27. Kg2 Bc5 28.
Re2 Rxe2 29. Qxe2 e4 30. Rf4 Re5 31. Nxh6 f5 32. Rh4 Kg7 33. Qd1 Be7 34. Qd7 Kf8
35. Qc8+ Qe8 36. Qxe8+ Kxe8 37. Rh5 e3 38. fxe3 Rxe3 39. Nxf5 Rxb3 40. Nxe7 Kxe7
41. Rxa5 Rc3 42. h4 Rxc4 43. h5 Kf6 44. Kh3 c5 45. g4 Kg5 46. Ra6 Rc3+ 47. Kg2
Kxg4 48. h6 Rc2+ 49. Kf1 Kf3 50. Ke1 Ke3 51. Kd1 Rh2 52. a5 Kd3 53. Ke1 c4 54.
Rc6 c3 55. a6 c2 56. a7 Ke3 57. Rc3+ Kd4 58. Rxc2 1-0

[Event "Saint Louis Blitz 2025"]
[Site "Saint Louis USA"]
[Date "2025.08.15"]
[Round "10.3"]
[White "So, Wesley"]
[Black "Oparin, Grigoriy"]
[Result "0-1"]
[WhiteTitle "GM"]
[BlackTitle "GM"]
[WhiteElo "2745"]
[BlackElo "2660"]
[WhiteFideId "5202213"]
[BlackFideId "24125890"]
[EventDate "2025.08.14"]

1. d4 Nf6 2. Bg5 c5 3. Bxf6 gxf6 4. d5 Qb6 5. Qc1 f5 6. e3 Bg7 7. c3 e5 8. Ne2
Qg6 9. Nd2 d6 10. Qc2 h5 11. h4 Nd7 12. Ng3 Nb6 13. Nc4 Nxc4 14. Bxc4 e4 15. Ne2
Be5 16. g3 Bd7 17. a4 Ke7 18. Bb5 Rhd8 19. Rg1 Rab8 20. Kd2 Qf6 21. Qd1 Bc8 22.
a5 Bd7 23. Bxd7 Rxd7 24. Nf4 Bxf4 25. gxf4 Qxh4 26. Qe2 b6 27. a6 Qf6 28. Rg5 b5
29. Rh1 b4 30. Kc2 bxc3 31. bxc3 Rdd8 32. Rhxh5 Rb6 33. Rxf5 Rdb8 0-1

[Event "Saint Louis Blitz 2025"]
[Site "Saint Louis USA"]
[Date "2025.08.15"]
[Round "10.4"]
[White "Gukesh, D"]
[Black "Aronian, Levon"]
[Result "1/2-1/2"]
[WhiteTitle "GM"]
[BlackTitle "GM"]
[WhiteElo "2776"]
[BlackElo "2737"]
[WhiteFideId "46616543"]
[BlackFideId "13300474"]
[EventDate "2025.08.14"]

1. e4 e6 2. d3 c5 3. Nf3 Nc6 4. g3 d6 5. Bg2 Nf6 6. O-O Be7 7. Re1 O-O 8. c3 e5
9. h3 Be6 10. a3 h6 11. b4 b5 12. Be3 a5 13. bxc5 dxc5 14. d4 exd4 15. cxd4 cxd4
16. Nxd4 Nxd4 17. Bxd4 Qd7 18. Bb2 Rad8 19. Qxd7 Rxd7 20. Nc3 b4 21. Nd5 Bxd5
22. exd5 bxa3 23. Bxa3 Bxa3 24. Rxa3 Nxd5 25. Rxa5 Nf6 26. Ra8 Rxa8 27. Bxa8 h5
28. Kg2 g6 29. Bf3 Kg7 30. Rd1 Rxd1 31. Bxd1 Ne4 32. Bf3 Nf6 33. Bd1 Ne4 34. Bf3
Nf6 35. Bd1 1/2-1/2

[Event "Saint Louis Blitz 2025"]
[Site "Saint Louis USA"]
[Date "2025.08.15"]
[Round "10.5"]
[White "Shankland, Sam"]
[Black "Caruana, Fabiano"]
[Result "1/2-1/2"]
[WhiteTitle "GM"]
[BlackTitle "GM"]
[WhiteElo "2670"]
[BlackElo "2784"]
[WhiteFideId "2004887"]
[BlackFideId "2020009"]
[EventDate "2025.08.14"]

1. d4 d5 2. c4 e6 3. Nc3 Nf6 4. cxd5 exd5 5. Bg5 Be7 6. e3 c6 7. Bd3 Nbd7 8. Nf3
Nf8 9. Qc2 Ne6 10. Bh4 g6 11. O-O-O O-O 12. Kb1 c5 13. dxc5 Nxc5 14. Nd4 Bd7 15.
Bb5 Rc8 16. Bxd7 Qxd7 17. Qe2 Nfe4 18. Nxe4 Nxe4 19. Bxe7 Qxe7 20. Rc1 a6 21.
Rc2 Rxc2 22. Qxc2 Qf6 23. Nf3 Nd6 24. Rd1 Rc8 25. Qd3 Rc5 26. Rc1 Nc4 27. Qd4
Qf5+ 28. Ka1 b6 29. b4 Rc8 30. Nd2 Qf4 31. f3 Qxf3 32. Qxd5 Qf2 33. Nxc4 b5 34.
Qd7 bxc4 35. Qd6 Re8 36. Qxa6 Qxg2 37. Qxc4 Qxh2 38. b5 Rxe3 39. Qd4 Re8 40. b6
Qg2 41. Rb1 Qb7 42. Qc4 Rc8 43. Qd4 h5 44. a4 Ra8 45. Rb4 Re8 46. Ka2 Re2+ 47.
Rb2 Re4 48. Qxe4 Qxe4 49. b7 Qxa4+ 50. Kb1 Qe4+ 51. Ka1 Qe1+ 52. Ka2 Qe6+ 53.
Ka1 Qe1+ 54. Ka2 Qa5+ 55. Kb1 Qf5+ 56. Ka1 Qf1+ 57. Ka2 Qc4+ 58. Ka1 Qa4+ 59.
Kb1 Qe4+ 60. Ka1 Qe1+ 61. Ka2 Qa5+ 62. Kb1 Qf5+ 63. Ka1 Qa5+ 64. Kb1 Qf5+ 1/2-1/2

[Event "Saint Louis Blitz 2025"]
[Site "Saint Louis USA"]
[Date "2025.08.15"]
[Round "11.1"]
[White "Gukesh, D"]
[Black "Shankland, Sam"]
[Result "1-0"]
[WhiteTitle "GM"]
[BlackTitle "GM"]
[WhiteElo "2776"]
[BlackElo "2670"]
[WhiteFideId "46616543"]
[BlackFideId "2004887"]
[EventDate "2025.08.14"]

1. c4 g6 2. g3 Bg7 3. Bg2 c5 4. Nc3 Nf6 5. e3 O-O 6. Nge2 e6 7. O-O Nc6 8. d4
cxd4 9. exd4 d5 10. cxd5 Nxd5 11. h3 b6 12. Nxd5 exd5 13. Be3 Ba6 14. Re1 Rc8
15. Nf4 Qd7 16. Qa4 Bc4 17. b3 b5 18. Qa3 g5 19. Nh5 Bd3 20. Nxg7 Kxg7 21. Bxg5
Qf5 22. Be3 Rfe8 23. Qd6 Be4 24. Bxe4 Rxe4 25. Bh6+ Kg8 26. Rxe4 Qxe4 27. Rc1
Qe6 28. Rxc6 1-0

[Event "Saint Louis Blitz 2025"]
[Site "Saint Louis USA"]
[Date "2025.08.15"]
[Round "11.2"]
[White "Oparin, Grigoriy"]
[Black "Abdusattorov, Nodirbek"]
[Result "0-1"]
[WhiteTitle "GM"]
[BlackTitle "GM"]
[WhiteElo "2660"]
[BlackElo "2771"]
[WhiteFideId "24125890"]
[BlackFideId "14204118"]
[EventDate "2025.08.14"]

1. e4 e5 2. Nf3 Nc6 3. Nc3 Bc5 4. Nxe5 Nxe5 5. d4 Bd6 6. dxe5 Bxe5 7. Qd3 Nf6 8.
Bd2 O-O 9. O-O-O Qe7 10. f3 d6 11. g4 c6 12. h4 Nd7 13. Qe3 Nc5 14. Bg2 Re8 15.
g5 f5 16. gxf6 Bxf6 17. h5 Be6 18. f4 Bf7 19. Rde1 h6 20. Bf3 Rad8 21. Rhg1 d5
22. exd5 Qd6 23. Qf2 Rxe1+ 24. Rxe1 cxd5 25. a3 Qb6 26. Qg2 Kh8 27. Nd1 d4 28.
Be4 d3 29. cxd3 Rc8 30. Bc3 Na4 31. Qd2 Qb3 32. d4 Qb6 33. Bc2 Bb3 34. Bxb3 Qxb3
35. Qc2 Qb5 36. Qe2 Qf5 37. Ne3 Nxc3 38. bxc3 Rxc3+ 39. Kb2 Qd3 40. Qxd3 Rxd3
41. Nf5 Bxd4+ 42. Nxd4 Rxd4 43. Re7 Rxf4 44. Rxb7 a6 45. Ra7 Rf5 46. Rxa6 Rxh5
47. a4 Kh7 48. a5 Rd5 49. Kc3 h5 50. Kc4 Rf5 51. Kb4 h4 52. Rd6 h3 53. a6 g5 54.
a7 Rf8 55. Rd1 Kg6 56. Kb5 g4 57. Kc6 h2 58. Kc7 Ra8 0-1

[Event "Saint Louis Blitz 2025"]
[Site "Saint Louis USA"]
[Date "2025.08.15"]
[Round "11.3"]
[White "Vachier-Lagrave, Maxime"]
[Black "Dominguez Perez, Leinier"]
[Result "1/2-1/2"]
[WhiteTitle "GM"]
[BlackTitle "GM"]
[WhiteElo "2736"]
[BlackElo "2738"]
[WhiteFideId "623539"]
[BlackFideId "3503240"]
[EventDate "2025.08.14"]

1. e4 e5 2. Nf3 Nc6 3. Bb5 Nf6 4. O-O Nxe4 5. d4 Nd6 6. Bxc6 dxc6 7. dxe5 Nf5 8.
Qxd8+ Kxd8 9. Nc3 h6 10. h3 Ke8 11. a4 Ne7 12. a5 a6 13. Re1 Ng6 14. Ne2 Be7 15.
b3 c5 16. Ng3 Nf8 17. Be3 Bd7 18. Nd2 Ne6 19. Nc4 Bc6 20. Rad1 g6 21. Ne2 h5 22.
Nf4 Rd8 23. Nxe6 fxe6 24. Rxd8+ Kxd8 25. Nb2 Ke8 26. Nd3 b6 27. Ra1 Bb7 28. Rd1
Kf7 29. Nb2 Rd8 30. Rxd8 Bxd8 31. f3 Bd5 32. c4 Bc6 33. Nd3 Be7 34. Kf2 Bb7 35.
g3 g5 36. g4 hxg4 37. hxg4 Bc6 38. Ke2 Bb7 39. Bd2 Bc6 40. Nf2 Bb7 41. Nh1 Bc6
42. Ng3 Kg6 43. Ke3 Kf7 44. Ne4 Kg6 45. Kd3 Bb7 46. Be3 Bc6 47. Bd2 Bb7 48. Be3
Bc6 49. Bd2 Bb7 50. Be3 1/2-1/2

[Event "Saint Louis Blitz 2025"]
[Site "Saint Louis USA"]
[Date "2025.08.15"]
[Round "11.4"]
[White "Le, Quang Liem"]
[Black "Caruana, Fabiano"]
[Result "1/2-1/2"]
[WhiteTitle "GM"]
[BlackTitle "GM"]
[WhiteElo "2729"]
[BlackElo "2784"]
[WhiteFideId "12401137"]
[BlackFideId "2020009"]
[EventDate "2025.08.14"]

1. d4 d5 2. Nf3 e6 3. c4 Nf6 4. Nc3 Bb4 5. Qa4+ Nc6 6. e3 O-O 7. Qc2 b6 8. Bd2
Bb7 9. a3 Bd6 10. cxd5 exd5 11. Bd3 a6 12. O-O Re8 13. Rac1 Nb8 14. Rfd1 Nbd7
15. Ne2 Ne4 16. Bb4 c5 17. dxc5 bxc5 18. Be1 Ndf6 19. Ng3 Rc8 20. Nd2 Nxd2 21.
Qxd2 g6 22. Be2 h5 23. Bf3 h4 24. Nf1 h3 25. Ng3 hxg2 26. Bxg2 Qe7 27. Qd3 Be5
28. Bc3 Red8 29. Bxe5 Qxe5 30. b4 cxb4 31. axb4 Qb2 32. Rb1 Qe5 33. Qd4 Qxd4 34.
Rxd4 Bc6 35. Bh3 Bd7 36. Bxd7 Rxd7 37. Ra1 Rc6 38. Ne2 Rb7 39. Nf4 Kg7 40. Nd3
Rb5 41. Kg2 Ne4 42. Ra5 Nc3 43. Rxb5 axb5 44. Nc5 Na2 45. Nd3 Rc4 46. Kf3 Rxd4
47. exd4 Kf6 48. Kf4 Nc3 49. h4 Ne4 50. Kf3 Kf5 51. Nf4 Nf6 52. Ng2 Ke6 53. Nf4+
Kd6 54. Nd3 Ne4 55. Kf4 f6 56. f3 Nd2 57. Kg4 Nb3 58. Nf4 Nxd4 59. Nxg6 Ke6 60.
Nf4+ Kf7 61. Nxd5 Nc6 62. Kf5 Nd4+ 63. Ke4 Nc6 64. f4 Kg6 65. f5+ Kg7 66. Kd3
Kf7 67. Kc3 Kg7 68. Nc7 Ne7 69. Nxb5 Nxf5 70. Nd4 Nd6 71. Kd3 Kg6 72. Nf3 Kh5
73. Kd4 Kg4 74. Kd5 Nb5 75. Nd4 Na3 76. Ke6 Kxh4 77. Kxf6 Kg4 78. Ke5 Kg5 79.
Kd5 Kf6 80. Kc5 Ke5 81. Nc2 Nxc2 82. b5 Ke6 83. b6 Kd7 84. b7 Kc7 85. b8=Q+ Kxb8 1/2-1/2

[Event "Saint Louis Blitz 2025"]
[Site "Saint Louis USA"]
[Date "2025.08.15"]
[Round "11.5"]
[White "Aronian, Levon"]
[Black "So, Wesley"]
[Result "1/2-1/2"]
[WhiteTitle "GM"]
[BlackTitle "GM"]
[WhiteElo "2737"]
[BlackElo "2745"]
[WhiteFideId "13300474"]
[BlackFideId "5202213"]
[EventDate "2025.08.14"]

1. e4 e5 2. Nf3 Nc6 3. d4 exd4 4. Nxd4 Nf6 5. Nxc6 bxc6 6. Nd2 d5 7. exd5 cxd5
8. Bb5+ Bd7 9. Bxd7+ Qxd7 10. O-O Be7 11. b3 O-O 12. Bb2 a5 13. a4 Qf5 14. Nf3
Ne4 15. Nd4 Qd7 16. Nf3 Qf5 17. Nd4 Qd7 18. Nf3 Qf5 1/2-1/2

[Event "Saint Louis Blitz 2025"]
[Site "Saint Louis USA"]
[Date "2025.08.15"]
[Round "12.1"]
[White "Abdusattorov, Nodirbek"]
[Black "Aronian, Levon"]
[Result "1/2-1/2"]
[WhiteTitle "GM"]
[BlackTitle "GM"]
[WhiteElo "2771"]
[BlackElo "2737"]
[WhiteFideId "14204118"]
[BlackFideId "13300474"]
[EventDate "2025.08.14"]

1. d4 Nf6 2. Nf3 e6 3. e3 b6 4. Bd3 Bb7 5. c4 Bb4+ 6. Bd2 Bxd2+ 7. Nbxd2 c5 8.
O-O d6 9. e4 cxd4 10. Nxd4 O-O 11. Qe2 Nc6 12. Nxc6 Bxc6 13. Rfd1 Qc7 14. Rac1
Rfd8 15. b3 Qb7 16. Nf3 Bxe4 17. Bxe4 Qxe4 18. Qb2 Qb7 19. Rd3 b5 20. cxb5 Qxb5
21. Rdc3 e5 22. Rc6 a5 23. h3 a4 24. Qd2 axb3 25. axb3 Qd5 26. Qxd5 Nxd5 27. Rd1
Nf4 28. Rcxd6 Rxd6 29. Rxd6 f6 30. Kh2 Rb8 31. Nd2 h5 32. g3 Ne2 33. Rd3 h4 34.
gxh4 Kh7 35. Re3 Nd4 36. Rd3 Rb4 37. h5 Kh6 38. Rg3 Nf5 39. Rf3 Nd4 40. Rg3 Nf5
41. Rf3 Nd4 42. Rg3 1/2-1/2

[Event "Saint Louis Blitz 2025"]
[Site "Saint Louis USA"]
[Date "2025.08.15"]
[Round "12.2"]
[White "So, Wesley"]
[Black "Gukesh, D"]
[Result "0-1"]
[WhiteTitle "GM"]
[BlackTitle "GM"]
[WhiteElo "2745"]
[BlackElo "2776"]
[WhiteFideId "5202213"]
[BlackFideId "46616543"]
[EventDate "2025.08.14"]

1. e4 e5 2. Nf3 Nc6 3. Bb5 Nf6 4. d3 Bc5 5. c3 O-O 6. O-O Re8 7. Nbd2 a6 8. Ba4
b5 9. Bb3 d6 10. h3 h6 11. Re1 Be6 12. Bc2 d5 13. Qe2 Bb6 14. exd5 Nxd5 15. Nf1
Bf5 16. Bd2 Qd7 17. Rad1 Rad8 18. Bc1 b4 19. Bd2 bxc3 20. bxc3 Ba5 21. Ba4 Bxc3
22. Rc1 Nf4 23. Bxf4 exf4 24. Qc2 Rxe1 25. Nxe1 Bxe1 26. Bxc6 Qe6 27. Be4 Ba5
28. Qc5 Bxe4 29. Qxa5 Rxd3 30. f3 Bxf3 31. gxf3 Rxf3 32. Qxc7 Qg6+ 33. Kh1 Rxh3+
34. Nh2 Qe4+ 0-1

[Event "Saint Louis Blitz 2025"]
[Site "Saint Louis USA"]
[Date "2025.08.15"]
[Round "12.3"]
[White "Shankland, Sam"]
[Black "Le, Quang Liem"]
[Result "0-1"]
[WhiteTitle "GM"]
[BlackTitle "GM"]
[WhiteElo "2670"]
[BlackElo "2729"]
[WhiteFideId "2004887"]
[BlackFideId "12401137"]
[EventDate "2025.08.14"]

1. d4 d5 2. c4 e6 3. Nc3 Be7 4. Nf3 Nf6 5. cxd5 exd5 6. h3 c6 7. Bf4 Bf5 8. e3
Qb6 9. Bd3 Bxd3 10. Qxd3 Nbd7 11. O-O O-O 12. Rab1 a5 13. Qc2 Rfe8 14. a3 Qa6
15. Rfc1 a4 16. Nd2 h6 17. Qd1 Bf8 18. Qf1 b5 19. Na2 Qb7 20. Nb4 Bxb4 21. axb4
Nb6 22. b3 Ne4 23. Nxe4 dxe4 24. bxa4 Rxa4 25. Qd1 Re6 26. Qg4 Qe7 27. Rc5 Nd5
28. Be5 f6 29. Bf4 Kh7 30. Rxd5 cxd5 31. Rc1 Ra7 32. Qf5+ g6 33. Qxd5 Qd7 34.
Qc5 Rea6 35. Kh2 Ra1 36. Rxa1 Rxa1 37. d5 Rd1 38. d6 g5 39. Bg3 Kg6 40. Qc2 Rd3
41. Qa2 Qf7 42. Qa8 Qe6 43. Qf8 Rd1 44. Qb8 h5 45. h4 gxh4 46. Bf4 h3 47. Qf8
Qf7 48. Qh6+ Kf5 49. gxh3 Qg6 50. Qxg6+ Kxg6 51. Kg3 Rd5 52. Kh4 Kf7 53. Kg3 Ke6
54. Kh4 Kd7 55. Bg3 Ke6 56. Bf4 Kf7 57. Bg3 Kg6 58. Bf4 Rd2 59. Bg3 Rb2 0-1